[Event "Winnipeg TNT 2025.08"]
[Site "Winnipeg CAN"]
[Date "2025.08.26"]
[Round "4.7"]
[White "Rutter, Blair"]
[Black "Letain, Cory"]
[Result "1-0"]
[WhiteElo "1930"]
[BlackElo "1743"]
[WhiteFideId "-1"]
[WhiteFideId "-1"]
[PlyCount "59"]
[GameId "2226111150622641"]
[EventDate "2025.08.05"]
[EventType "swiss"]
[EventRounds "4"]
[EventCountry "CAN"]

1. c4 c5 2. g3 Nc6 3. Bg2 e5 4. Nc3 d6 5. d3 Nge7 6. e4 g6 7. Be3 Bg7 8. Qd2 h6 9. Nge2 a6 10. O-O Bd7 11. f4 f5 12. h3 Qc8 13. Kh2 h5 14. h4 O-O 15. Rad1 Kh7 16. b3 Rb8 17. Ng1 Nd8 18. fxe5 dxe5 19. Nf3 Ne6 20. Nd5 f4 21. Bf2 fxg3+ 22. Bxg3 Nxd5 23. cxd5 Bh6 24. Qc3 Nf4 25. Qxe5 Nxg2 26. Qe7+ Kg8 27. Ne5 Ne3 28. Rxf8+ Qxf8 29. Qxd7 Nxd1 30. Qe6+ 1-0

[Event "Winnipeg TNT 2025.08"]
[Site "Winnipeg CAN"]
[Date "2025.08.26"]
[Round "4.9"]
[White "Kim, Sunyo"]
[Black "Gannon, Keith"]
[Result "1-0"]
[WhiteElo "1784"]
[BlackElo "1587"]
[WhiteFideId "-1"]
[WhiteFideId "-1"]
[PlyCount "81"]
[GameId "2226111150622643"]
[EventDate "2025.08.05"]
[EventType "swiss"]
[EventRounds "4"]
[EventCountry "CAN"]

1. d4 d5 2. c4 e6 3. Nf3 Nf6 4. e3 Be7 5. Nc3 O-O 6. cxd5 exd5 7. Bd3 c6 8. O-O Nbd7 9. Re1 Re8 10. h3 Bf8 11. e4 dxe4 12. Nxe4 Nxe4 13. Bxe4 Nf6 14. Bd3 Rxe1+ 15. Qxe1 Qe7 16. Bg5 Qxe1+ 17. Rxe1 Bb4 18. Re2 Be6 19. Bxf6 gxf6 20. a3 Bd6 21. Nd2 Rd8 22. Nf3 c5 23. dxc5 Bxc5 24. Rd2 Rf8 25. Be4 b5 26. Bd5 Bxd5 27. Rxd5 Rc8 28. Kf1 a6 29. Rd2 Bf8 30. g4 Rc1+ 31. Kg2 b4 32. axb4 Bxb4 33. Re2 a5 34. Nd4 Rb1 35. Nc6 Be1 36. Ne7+ Kf8 37. Nf5 a4 38. Nd6 Bb4 39. Re8+ Kg7 40. Nf5+ Kg6 41. Rg8# 1-0

[Event "Winnipeg TNT 2025.08"]
[Site "Winnipeg CAN"]
[Date "2025.08.26"]
[Round "4.11"]
[White "Movahedipour, Mohammad"]
[Black "Klokow, John"]
[Result "0-1"]
[WhiteElo "1749"]
[BlackElo "1816"]
[WhiteFideId "-1"]
[WhiteFideId "-1"]
[PlyCount "128"]
[GameId "2226111150626740"]
[EventDate "2025.08.05"]
[EventType "swiss"]
[EventRounds "4"]
[EventCountry "CAN"]

1. e4 e5 2. Nf3 Nc6 3. Bc4 Nf6 4. d4 exd4 5. Nxd4 Nxe4 6. O-O d5 7. Bb5 Bd7 8. Nc3 Nxc3 9. bxc3 Be7 10. Nf3 Bg4 11. h3 Bxf3 12. Qxf3 O-O 13. Rd1 Ne5 14. Qxd5 c6 15. Qxd8 Rfxd8 16. Bd3 Bf6 17. Bb2 g6 18. f4 Nd7 19. Rab1 Nb6 20. Kf1 Nd5 21. c4 Ne3+ 22. Ke2 Bxb2 23. Kxe3 Bd4+ 24. Kf3 Rd7 25. Re1 Kf8 26. Re2 Re8 27. Rbe1 Rxe2 28. Rxe2 c5 29. f5 Rd6 30. g4 Ra6 31. g5 Rxa2 32. f6 Rb2 33. Re7 a5 34. Be4 Rb6 35. Bd5 a4 36. Rxf7+ Ke8 37. Rxh7 Bxf6 38. Rxb7 Rxb7 39. Bxb7 a3 40. Bc6+ Kf8 41. gxf6 a2 42. Bd5 a1=Q 43. f7 Qc3+ 44. Kg4 Qxc2 45. h4 Qf5+ 46. Kg3 Qe5+ 47. Kg4 Qf5+ 48. Kg3 Ke7 49. Kg2 Qg4+ 50. Kf2 Qxh4+ 51. Kg2 Qg5+ 52. Kf3 Qxd5+ 53. cxd5 Kxf7 54. Ke4 Ke7 55. Ke5 g5 56. Kf5 c4 57. Kxg5 c3 58. Kf4 c2 59. Ke3 c1=Q+ 60. Kd4 Kd6 61. Kd3 Kxd5 62. Ke2 Qc3 63. Kf2 Ke4 64. Ke2 Qc2+ 0-1

[Event "Winnipeg TNT 2025.08"]
[Site "Winnipeg CAN"]
[Date "2025.08.26"]
[Round "4.11"]
[White "Ubaka, Michael"]
[Black "Hui, Zelus"]
[Result "0-1"]
[WhiteElo "1704"]
[BlackElo "1751"]
[WhiteFideId "-1"]
[WhiteFideId "-1"]
[PlyCount "80"]
[GameId "2226111150626741"]
[EventDate "2025.08.05"]
[EventType "swiss"]
[EventRounds "4"]
[EventCountry "CAN"]

1. e4 e6 2. Nf3 d5 3. exd5 exd5 4. d4 Nf6 5. Be2 Bd6 6. Bg5 O-O 7. O-O Bf5 8. c4 c6 9. Nc3 Be6 10. Re1 Nbd7 11. c5 Be7 12. Bd3 h6 13. Bf4 Re8 14. Bc2 Nf8 15. Ne5 Qc8 16. Qd3 Bd8 17. b4 Bc7 18. Qf3 Bf5 19. Bd3 Bxd3 20. Qxd3 Bxe5 21. Bxe5 Qe6 22. h3 Ng6 23. Re3 Nxe5 24. Rxe5 Qd7 25. f4 Re7 26. Qf3 Rae8 27. Rae1 Rxe5 28. fxe5 Nh7 29. h4 Nf8 30. Ne2 Ne6 31. Qg4 g6 32. Nf4 Nxc5 33. Qg3 Ne4 34. Qf3 a6 35. Nd3 Qe7 36. Nc5 Nxc5 37. bxc5 Qxh4 38. Qe3 h5 39. Rf1 Qe7 40. Rf6 Qxf6 0-1

[Event "Winnipeg TNT 2025.08 Challengers"]
[Site "Winnipeg CAN"]
[Date "2025.08.12"]
[Round "1.1"]
[White "Wang, Elvis"]
[Black "Hui, Zenas"]
[Result "1-0"]
[WhiteElo "1549"]
[BlackElo "1397"]
[WhiteFideId "-1"]
[WhiteFideId "-1"]
[PlyCount "51"]
[GameId "2226110956844874"]
[EventDate "2025.08.12"]
[EventType "tourn"]
[EventRounds "3"]
[EventCountry "CAN"]

1. d4 f5 2. Nf3 Nf6 3. c4 e6 4. Nc3 Be7 5. b3 O-O 6. e3 b6 7. Be2 Bb7 8. Bb2 a6 9. O-O Qe8 10. d5 exd5 11. cxd5 Bb4 12. Bc4 b5 13. Bd3 Bxc3 14. Bxc3 Nxd5 15. Be5 d6 16. Bb2 Nb4 17. Bxf5 N4c6 18. Nh4 Nd7 19. Qd3 Qh5 20. Bxd7 Qxh4 21. Qd5+ Kh8 22. Bxc6 Bxc6 23. Qxc6 Ra7 24. Bd4 Raa8 25. Qxc7 Rf5 26. Qxg7# 1-0

[Event "Winnipeg TNT 2025.08 Challengers"]
[Site "Winnipeg CAN"]
[Date "2025.08.12"]
[Round "1.2"]
[White "Lee, Zach"]
[Black "Jo, Asher"]
[Result "0-1"]
[WhiteElo "1404"]
[BlackElo "1460"]
[WhiteFideId "-1"]
[WhiteFideId "-1"]
[PlyCount "50"]
[GameId "2226110956861259"]
[EventDate "2025.08.12"]
[EventType "tourn"]
[EventRounds "3"]
[EventCountry "CAN"]

1. c4 e5 2. Nc3 Nf6 3. d3 Bc5 4. Bg5 d6 5. Nf3 Be6 6. a3 Nbd7 7. b4 Bb6 8. g3 O-O 9. Bg2 c5 10. O-O cxb4 11. axb4 h6 12. Bd2 Ng4 13. Nh4 f5 14. Nd5 Bd4 15. Nc3 f4 16. h3 fxg3 17. Nf3 Nxf2 18. Rxf2 gxf2+ 19. Kf1 Rxf3 20. exf3 Qh4 21. Qb3 Nf6 22. Qd1 Nh5 23. Ne4 Qxe4 24. Bh1 Bxh3+ 25. Bg2 Ng3# 0-1

[Event "Winnipeg TNT 2025.08 Challengers"]
[Site "Winnipeg CAN"]
[Date "2025.08.19"]
[Round "2.1"]
[White "Jo, Asher"]
[Black "Wang, Elvis"]
[Result "1-0"]
[WhiteElo "1460"]
[BlackElo "1549"]
[WhiteFideId "-1"]
[WhiteFideId "-1"]
[PlyCount "43"]
[GameId "2226110956865356"]
[EventDate "2025.08.12"]
[EventType "tourn"]
[EventRounds "3"]
[EventCountry "CAN"]

1. d4 Nf6 2. c4 e6 3. Nc3 Bb4 4. Bg5 d5 5. e3 b6 6. Qa4+ Nc6 7. cxd5 Bxc3+ 8. bxc3 exd5 9. Bb5 O-O 10. Bxc6 Rb8 11. Nf3 Qd6 12. Bxf6 Qxf6 13. Bxd5 Bg4 14. O-O Rfc8 15. Ne5 Be6 16. Bxe6 Qxe6 17. Rab1 c6 18. Qxa7 f6 19. Nd3 Qc4 20. Nf4 Qxc3 21. Ne6 Qc2 22. Qxg7# 1-0

[Event "Winnipeg TNT 2025.08 Challengers"]
[Site "Winnipeg CAN"]
[Date "2025.08.19"]
[Round "2.2"]
[White "Hui, Zenas"]
[Black "Lee, Zach"]
[Result "1/2-1/2"]
[WhiteElo "1397"]
[BlackElo "1404"]
[WhiteFideId "-1"]
[WhiteFideId "-1"]
[PlyCount "67"]
[GameId "2226110956869453"]
[EventDate "2025.08.12"]
[EventType "tourn"]
[EventRounds "3"]
[EventCountry "CAN"]

1. c4 e5 2. g3 Nc6 3. Bg2 Nf6 4. Nc3 Be7 5. e3 d6 6. Nge2 O-O 7. O-O Be6 8. b3 d5 9. cxd5 Nxd5 10. Bb2 Ncb4 11. d4 Nxc3 12. Bxc3 exd4 13. Qxd4 Qxd4 14. Nxd4 c5 15. Nxe6 fxe6 16. Bxb7 Rad8 17. Bxb4 cxb4 18. Rad1 Rb8 19. Rd7 Bf6 20. Be4 Rbd8 21. Rxa7 Rd2 22. Rc1 Bb2 23. Rc2 Rfxf2 24. Rxd2 Rxd2 25. Ra8+ Kf7 26. Bxh7 g5 27. Bg8+ Kf6 28. Ra6 Kf5 29. Rxe6 Kg4 30. Bh7 Bc3 31. Re7 Rxa2 32. Rf7 Rd2 33. e4 Bd4+ 34. Kf1 1/2-1/2

[Event "Winnipeg TNT 2025.08 Challengers"]
[Site "Winnipeg CAN"]
[Date "2025.08.26"]
[Round "3.1"]
[White "Hui, Zenas"]
[Black "Jo, Asher"]
[Result "1-0"]
[WhiteElo "1397"]
[BlackElo "1460"]
[WhiteFideId "-1"]
[WhiteFideId "-1"]
[PlyCount "127"]
[GameId "2226110956873550"]
[EventDate "2025.08.12"]
[EventType "tourn"]
[EventRounds "3"]
[EventCountry "CAN"]

1. c4 e5 2. g3 Nf6 3. Bg2 Bc5 4. Nc3 Nc6 5. e3 d6 6. Nge2 Be6 7. d4 exd4 8. exd4 Bxc4 9. dxc5 dxc5 10. O-O O-O 11. b3 Ba6 12. Bb2 Re8 13. Re1 Rc8 14. Nf4 Nd4 15. Rxe8+ Qxe8 16. h4 Rd8 17. Qe1 Qd7 18. Rd1 Re8 19. Qd2 Re7 20. Kh1 b6 21. Bc1 Qg4 22. Re1 Rxe1+ 23. Qxe1 Nf3 24. Qd1 Nd4 25. Qxg4 Nxg4 26. Kg1 g6 27. Ncd5 c6 28. Ne7+ Kf8 29. Nxc6 Ne2+ 30. Nxe2 Bxe2 31. Nxa7 Ke7 32. Nc6+ Kd6 33. f4 f5 34. Bb2 Ne3 35. Ne5 Nxg2 36. Kxg2 Kd5 37. Kf2 Bg4 38. Ke3 b5 39. Kd3 Bh3 40. Bc3 Bf1+ 41. Ke3 c4 42. bxc4+ Bxc4 43. Nxc4 Kxc4 44. Bf6 Kb4 45. Kd4 Ka3 46. Kd5 Kxa2 47. Ke6 b4 48. Kf7 b3 49. Kg7 Ka3 50. Kxh7 Kb4 51. Kxg6 Kc5 52. h5 Kd5 53. h6 Ke4 54. h7 Kf3 55. h8=Q Kxg3 56. Qh4+ Kg2 57. Bb2 Kf3 58. Kxf5 Kg2 59. Qg4+ Kf1 60. Qf3+ Kg1 61. Qe2 Kh1 62. Kg4 Kg1 63. Kg3 Kh1 64. Qf1# 1-0

[Event "Winnipeg TNT 2025.08 Challengers"]
[Site "Winnipeg CAN"]
[Date "2025.08.26"]
[Round "3.2"]
[White "Wang, Elvis"]
[Black "Lee, Zach"]
[Result "0-1"]
[WhiteElo "1549"]
[BlackElo "1404"]
[WhiteFideId "-1"]
[WhiteFideId "-1"]
[PlyCount "62"]
[GameId "2226110956877647"]
[EventDate "2025.08.12"]
[EventType "tourn"]
[EventRounds "3"]
[EventCountry "CAN"]

1. d4 c6 2. Nf3 d5 3. Bf4 Nf6 4. e3 Bg4 5. h3 Bf5 6. c4 e6 7. Nc3 Bb4 8. Qb3 Na6 9. cxd5 exd5 10. Bxa6 Bxc3+ 11. Qxc3 Ne4 12. Qc1 Qa5+ 13. Nd2 Qxa6 14. Nxe4 Bxe4 15. f3 Bg6 16. Qd2 O-O 17. Kf2 Rfe8 18. a3 Rac8 19. Rac1 Re6 20. g4 Rce8 21. Rhe1 Qb6 22. h4 Qd8 23. h5 Bxh5 24. gxh5 Qh4+ 25. Bg3 Qxh5 26. Rh1 Qf5 27. Rcg1 Rxe3 28. Qxe3 Qc2+ 29. Kf1 Rxe3 30. Rg2 Qd1+ 31. Be1 Qxe1# 0-1

[Event "Winnipeg op"]
[Site "Winnipeg CAN"]
[Date "2025.01.03"]
[Round "1.1"]
[White "Anderson, Colin"]
[Black "Rutter, Blair"]
[Result "1-0"]
[WhiteElo "2253"]
[BlackElo "1898"]
[WhiteFideId "-1"]
[WhiteFideId "-1"]
[PlyCount "37"]
[GameId "2142984842268902"]
[EventDate "2025.01.03"]
[EventType "swiss"]
[EventRounds "5"]
[EventCountry "CAN"]

1. e4 c6 2. d4 d5 3. e5 Bf5 4. h4 h6 5. g4 Bh7 6. e6 fxe6 7. Bd3 Qd6 8. Bxh7 Rxh7 9. Qd3 Rh8 10. Qg6+ Kd8 11. Nf3 Nd7 12. Qf7 Ngf6 13. g5 Ne4 14. c3 e5 15. Nbd2 hxg5 16. Nxe4 dxe4 17. Nxg5 Qf6 18. Ne6+ Kc8 19. Qe8# 1-0

[Event "Winnipeg op"]
[Site "Winnipeg CAN"]
[Date "2025.01.03"]
[Round "1.2"]
[White "Moeez, Abdul"]
[Black "Wiebe, Isaac"]
[Result "0-1"]
[WhiteElo "1884"]
[BlackElo "2223"]
[WhiteFideId "-1"]
[WhiteFideId "-1"]
[PlyCount "84"]
[GameId "2142984842268903"]
[EventDate "2025.01.03"]
[EventType "swiss"]
[EventRounds "5"]
[EventCountry "CAN"]

1. e4 e5 2. Nc3 Nf6 3. Bc4 Nxe4 4. Qh5 Nd6 5. Qxe5+ Qe7 6. Qxe7+ Bxe7 7. Be2 c6 8. Nf3 Nf5 9. O-O d5 10. d4 Bf6 11. Rd1 O-O 12. Bf4 Nd7 13. g4 Nh4 14. g5 Nxf3+ 15. Bxf3 Be7 16. Re1 Bb4 17. a3 Ba5 18. Bd6 Rd8 19. b4 Bb6 20. Rad1 Nf8 21. Bg3 Ne6 22. Bh4 Nxd4 23. Rxd4 Bxd4 24. Ne2 Bb6 25. Nf4 Bf5 26. Re7 Rd7 27. Rxd7 Bxd7 28. Nd3 Re8 29. Bg3 Bf5 30. Kf1 Bh3+ 31. Bg2 Bg4 32. Ne5 Bf5 33. c3 Bc7 34. Nf3 Bd3+ 35. Kg1 Bd8 36. h4 f6 37. Bf4 Be4 38. Kf1 Bd3+ 39. Kg1 Be4 40. Kf1 Bxf3 41. Bxf3 fxg5 42. hxg5 Rf8 0-1

[Event "Winnipeg op"]
[Site "Winnipeg CAN"]
[Date "2025.01.03"]
[Round "1.3"]
[White "Protsyuk, Svitlana"]
[Black "Bilugan, Mason"]
[Result "0-1"]
[WhiteElo "2062"]
[BlackElo "1864"]
[WhiteFideId "-1"]
[WhiteFideId "-1"]
[PlyCount "116"]
[GameId "2142984842268904"]
[EventDate "2025.01.03"]
[EventType "swiss"]
[EventRounds "5"]
[EventCountry "CAN"]

1. e4 e6 2. d4 d5 3. exd5 exd5 4. c4 Nc6 5. Nf3 Nf6 6. Nc3 Bb4 7. Be2 O-O 8. O-O h6 9. h3 Be6 10. cxd5 Nxd5 11. Nxd5 Bxd5 12. Be3 Qf6 13. Qa4 a6 14. Rfd1 Bd6 15. Rac1 g5 16. a3 Ne7 17. Qa5 b6 18. Qc3 Ng6 19. Nh2 Nf4 20. Bxf4 Qxf4 21. Ng4 f5 22. Ne5 g4 23. Bc4 Bxc4 24. Qxc4+ Kg7 25. Qe6 Rf6 26. Qd7+ Kg8 27. g3 Qe4 28. hxg4 f4 29. Qc6 Qxc6 30. Nxc6 fxg3 31. fxg3 Bxg3 32. Ne7+ Kf8 33. Nf5 Bf4 34. Rc3 Rg6 35. Rf1 Rxg4+ 36. Kh1 Ke8 37. Rcf3 Bg5 38. Ng7+ Kd7 39. Rf5 Kc6 40. Ne6 Rc8 41. R1f2 Be3 42. Rc2+ Kd6 43. Nxc7 Rcg8 44. Rf6+ Kd7 45. Rf7+ Kd8 46. Ne6+ Ke8 47. Rf1 Ke7 48. d5 Rh4+ 49. Rh2 Rxh2+ 50. Kxh2 Kd6 51. Rd1 Rc8 52. Rd3 Bg5 53. b3 Bf6 54. Kg1 Rc3 55. Rd1 Rxb3 56. Nf4 Rxa3 57. Nh5 Be5 58. Rb1 b5 0-1

[Event "Winnipeg op"]
[Site "Winnipeg CAN"]
[Date "2025.01.03"]
[Round "1.4"]
[White "Klusa, Mark"]
[Black "Somani, Sagar"]
[Result "1-0"]
[WhiteElo "1861"]
[BlackElo "2004"]
[WhiteFideId "-1"]
[WhiteFideId "-1"]
[PlyCount "67"]
[GameId "2142984842268905"]
[EventDate "2025.01.03"]
[EventType "swiss"]
[EventRounds "5"]
[EventCountry "CAN"]

1. e4 d6 2. Nc3 g6 3. Bc4 Bg7 4. f4 Nf6 5. Nf3 c6 6. e5 dxe5 7. fxe5 Ng4 8. d4 O-O 9. h3 Nh6 10. Bg5 b5 11. Bb3 Kh8 12. Qd2 Ng8 13. O-O-O a5 14. a4 Qb6 15. d5 b4 16. Ne4 cxd5 17. Be3 Qc7 18. Qxd5 Bb7 19. Qc5 Qxc5 20. Nxc5 Bxf3 21. gxf3 Bxe5 22. Bd5 Ra7 23. Nd3 Bxb2+ 24. Kxb2 Rd7 25. Ne5 Rxd5 26. Rxd5 f6 27. Nd3 Nc6 28. Bb6 Nh6 29. Re1 Nf5 30. Re6 Nd6 31. Bc5 Nc4+ 32. Kc1 Rc8 33. Bxe7 Kg7 34. Rc5 1-0

[Event "Winnipeg op"]
[Site "Winnipeg CAN"]
[Date "2025.01.03"]
[Round "1.6"]
[White "Punay, Rhailey"]
[Black "Nagelberg, Alan"]
[Result "1-0"]
[WhiteElo "1812"]
[BlackElo "1975"]
[WhiteFideId "-1"]
[WhiteFideId "-1"]
[PlyCount "125"]
[GameId "2142984842268906"]
[EventDate "2025.01.03"]
[EventType "swiss"]
[EventRounds "5"]
[EventCountry "CAN"]

1. e4 e5 2. Nf3 Nc6 3. Bc4 Nf6 4. d3 h6 5. c3 d6 6. h3 g5 7. Be3 Bg7 8. Nbd2 Ne7 9. Qb3 O-O 10. O-O-O a5 11. a3 c6 12. d4 b5 13. Be2 Be6 14. Qc2 Ng6 15. dxe5 dxe5 16. Bc5 Qc7 17. Bxf8 Bxf8 18. c4 Qb6 19. Kb1 Nf4 20. Bf1 Nd7 21. cxb5 cxb5 22. Rc1 a4 23. Qc6 Rb8 24. Qxb6 Rxb6 25. g3 Ng6 26. Be2 b4 27. axb4 Rxb4 28. Bc4 a3 29. b3 Nc5 30. Bxe6 fxe6 31. Ka2 Nd3 32. Rc4 Rb7 33. Rf1 Kg7 34. Nb1 Nc5 35. Nfd2 Rd7 36. f3 Nd3 37. Ra4 Nb2 38. Ra6 Nd3 39. Ra4 Nb2 40. Ra8 Nd3 41. Nc4 Rb7 42. Nbxa3 Nb4+ 43. Kb2 Bc5 44. Nd2 Bd4+ 45. Kb1 Ne7 46. Rc1 Nec6 47. Rc8 Ra7 48. R1xc6 Rxa3 49. R6c7+ Kg6 50. Kc1 Ra1+ 51. Nb1 Be3+ 52. Kb2 Bd4+ 53. Nc3 Ra2+ 54. Kb1 Rf2 55. g4 Rf1+ 56. Kb2 Nd3+ 57. Kc2 Nf4 58. Rg8+ Kf6 59. Rgg7 Rf2+ 60. Kb1 Rf1+ 61. Ka2 Ra1+ 62. Kxa1 Bxc3+ 63. Kb1 1-0

[Event "Winnipeg op"]
[Site "Winnipeg CAN"]
[Date "2025.01.03"]
[Round "1.7"]
[White "Hamm, Gabriel"]
[Black "Klokow, John"]
[Result "1-0"]
[WhiteElo "1955"]
[BlackElo "1785"]
[WhiteFideId "-1"]
[WhiteFideId "-1"]
[PlyCount "67"]
[GameId "2142984842268907"]
[EventDate "2025.01.03"]
[EventType "swiss"]
[EventRounds "5"]
[EventCountry "CAN"]

1. e4 e5 2. Nf3 Nc6 3. Bb5 Nf6 4. d3 Ne7 5. Bc4 Ng6 6. Ng5 d5 7. exd5 h6 8. Ne4 Nxd5 9. Nbc3 c6 10. O-O Be7 11. Qh5 O-O 12. Be3 b6 13. Rad1 Be6 14. Bb3 Qd7 15. h3 Qc7 16. d4 Nxe3 17. fxe3 Bxb3 18. axb3 exd4 19. exd4 Rad8 20. Ne2 Rd5 21. Rf5 Rxf5 22. Qxf5 Qc8 23. N2g3 Nh4 24. Qe5 Re8 25. Re1 Bb4 26. Nf6+ gxf6 27. Qxe8+ Qxe8 28. Rxe8+ Kg7 29. Nh5+ Kg6 30. Rg8+ Kf5 31. g4+ Ke4 32. c3 Bd6 33. Kf2 Bf4 34. Re8+ 1-0

[Event "Winnipeg op"]
[Site "Winnipeg CAN"]
[Date "2025.01.03"]
[Round "1.8"]
[White "Pottinger, Carl"]
[Black "Bonness, Will"]
[Result "0-1"]
[WhiteElo "1778"]
[BlackElo "1922"]
[WhiteFideId "-1"]
[WhiteFideId "-1"]
[PlyCount "68"]
[GameId "2142984842268908"]
[EventDate "2025.01.03"]
[EventType "swiss"]
[EventRounds "5"]
[EventCountry "CAN"]

1. d4 d5 2. Nf3 Nf6 3. Bf4 c5 4. e3 Nc6 5. Nbd2 Bg4 6. c3 cxd4 7. exd4 e6 8. Qa4 Bxf3 9. Nxf3 Bd6 10. Ne5 Qc7 11. Bb5 O-O 12. Bxc6 bxc6 13. O-O c5 14. Rfe1 c4 15. Bg3 Ne4 16. Rxe4 dxe4 17. Nxc4 Bxg3 18. hxg3 Rfc8 19. Nd2 e3 20. fxe3 Qxg3 21. Nf1 Qg5 22. c4 h5 23. c5 e5 24. Rd1 Qg4 25. Qc2 exd4 26. exd4 Re8 27. Rd2 Re1 28. c6 Qf4 29. Qd3 Rxf1+ 30. Qxf1 Qxd2 31. Qc4 Qe3+ 32. Kh1 Qe1+ 33. Kh2 Qh4+ 34. Kg1 Re8 0-1

[Event "Winnipeg op"]
[Site "Winnipeg CAN"]
[Date "2025.01.03"]
[Round "1.10"]
[White "Villamar, Eros"]
[Black "Kuryliw, Ray"]
[Result "1-0"]
[WhiteElo "1732"]
[BlackElo "1905"]
[WhiteFideId "-1"]
[WhiteFideId "-1"]
[PlyCount "131"]
[GameId "2142984842293485"]
[EventDate "2025.01.03"]
[EventType "swiss"]
[EventRounds "5"]
[EventCountry "CAN"]

1. e4 c6 2. d4 d5 3. e5 c5 4. c3 Nc6 5. Nf3 Bg4 6. Nbd2 e6 7. Bd3 cxd4 8. cxd4 Qb6 9. O-O Nge7 10. h3 Bh5 11. Qa4 Qb4 12. Qxb4 Nxb4 13. Bb1 Rc8 14. a3 Nc2 15. Bxc2 Rxc2 16. g4 Bg6 17. Ne1 Rc7 18. Nb3 Nc6 19. Bd2 Be7 20. Rc1 O-O 21. f4 f5 22. g5 Rfc8 23. Nd3 b6 24. Bc3 Nd8 25. Bb4 Kf7 26. Rxc7 Rxc7 27. Bxe7 Kxe7 28. Rc1 Rxc1+ 29. Ndxc1 Be8 30. Ne2 Ba4 31. Nd2 Nc6 32. Kf2 Na5 33. Nc3 Bc6 34. b4 Nb7 35. h4 Be8 36. Nf3 Kd8 37. Ke3 Kc7 38. Nd2 Kc6 39. Kd3 Bh5 40. Ke3 Nd8 41. Kf2 Nf7 42. Nf3 Nh8 43. Kg3 Ng6 44. Ne1 Ne7 45. Kf2 Be8 46. Nd3 Kb7 47. Ne1 Ka6 48. Nc2 Bb5 49. Ne3 Bd3 50. Ned1 Kb7 51. Nb2 Be4 52. Nb5 Nc8 53. Nc3 a6 54. Kg3 Ne7 55. Kf2 Nc8 56. Ke3 Kc6 57. Kf2 Bc2 58. Ke2 b5 59. Kf2 Nb6 60. Ke2 Nc4 61. Nxc4 bxc4 62. Kd2 Be4 63. Ke2 Bc2 64. Kd2 Bb3 65. Kc1 Kb6 66. Kd2 1-0

[Event "Winnipeg op"]
[Site "Winnipeg CAN"]
[Date "2025.01.03"]
[Round "1.11"]
[White "Zhou, Joe"]
[Black "Lake, Pablo"]
[Result "1-0"]
[WhiteElo "1902"]
[BlackElo "1708"]
[WhiteFideId "-1"]
[WhiteFideId "-1"]
[PlyCount "123"]
[GameId "2142984842293486"]
[EventDate "2025.01.03"]
[EventType "swiss"]
[EventRounds "5"]
[EventCountry "CAN"]

1. Nf3 f5 2. d4 Nf6 3. c4 g6 4. Nc3 Bg7 5. Bf4 d6 6. Qd2 O-O 7. Bh6 Qe8 8. Bxg7 Kxg7 9. e3 e5 10. d5 Nbd7 11. Nb5 Qd8 12. Bd3 Nc5 13. Bc2 a6 14. Nc3 a5 15. Qe2 e4 16. Nd4 Ng4 17. Na4 Ne5 18. Nxc5 dxc5 19. Nb5 c6 20. Nc3 Qg5 21. O-O h5 22. Kh1 h4 23. h3 Bd7 24. Rad1 Rf7 25. Na4 cxd5 26. Nxc5 f4 27. exf4 Qxf4 28. Rxd5 Bf5 29. Bxe4 Re8 30. Bxf5 Rxf5 31. Rd8 Re7 32. Rd7 Rff7 33. Rxe7 Rxe7 34. b3 b6 35. Nd3 Qd4 36. Re1 Nc6 37. Qc2 Rd7 38. Nb2 Nb4 39. Qe2 Qc3 40. Na4 Qd4 41. Qe5+ Qxe5 42. Rxe5 Rd2 43. Nxb6 Nxa2 44. Rxa5 Rxf2 45. c5 Nc3 46. Ra7+ Kh6 47. Kg1 Rb2 48. c6 Ne4 49. Ra4 Rxb3 50. Rxe4 Rxb6 51. Rxh4+ Kg5 52. Rc4 Rb8 53. c7 Rc8 54. g3 Kf5 55. Kg2 Ke5 56. Kf3 Kd5 57. Rc3 Rf8+ 58. Kg4 Rc8 59. Kg5 Kd4 60. Rc1 Ke3 61. Kxg6 Kf3 62. Kf7 1-0

[Event "Winnipeg op"]
[Site "Winnipeg CAN"]
[Date "2025.01.04"]
[Round "2.1"]
[White "Gres, Yakiv"]
[Black "Anderson, Colin"]
[Result "1-0"]
[WhiteElo "1918"]
[BlackElo "2253"]
[WhiteFideId "-1"]
[WhiteFideId "-1"]
[PlyCount "77"]
[GameId "2142984842293487"]
[EventDate "2025.01.03"]
[EventType "swiss"]
[EventRounds "5"]
[EventCountry "CAN"]

1. e4 c5 2. Nf3 Nc6 3. d4 cxd4 4. Nxd4 Nf6 5. Nc3 e5 6. Ndb5 d6 7. Nd5 Nxd5 8. exd5 Ne7 9. c4 Ng6 10. Qa4 Bd7 11. Qb4 Qb8 12. Bd3 a6 13. Nc3 Be7 14. O-O f5 15. f3 Qa7+ 16. Kh1 O-O 17. Bd2 Qd4 18. Rad1 b5 19. Bc1 Qh4 20. g3 Qh3 21. cxb5 f4 22. Rg1 Qh5 23. g4 Qh3 24. Rdf1 Bh4 25. Bxg6 hxg6 26. Qxd6 Bxg4 27. fxg4 Bg3 28. Rg2 f3 29. Qe6+ Kh8 30. Rgf2 Bxf2 31. Rxf2 Rae8 32. Qxg6 e4 33. Nxe4 Re5 34. Bd2 Rfe8 35. Bc3 Rc8 36. b6 Rxc3 37. bxc3 Rxd5 38. Qe8+ Kh7 39. Nf6+ 1-0

[Event "Winnipeg op"]
[Site "Winnipeg CAN"]
[Date "2025.01.04"]
[Round "2.2"]
[White "Wiebe, Isaac"]
[Black "Zhou, Joe"]
[Result "1-0"]
[WhiteElo "2223"]
[BlackElo "1902"]
[WhiteFideId "-1"]
[WhiteFideId "-1"]
[PlyCount "95"]
[GameId "2142984842293488"]
[EventDate "2025.01.03"]
[EventType "swiss"]
[EventRounds "5"]
[EventCountry "CAN"]

1. Nf3 d5 2. e3 Nf6 3. c4 e6 4. Nc3 c5 5. cxd5 exd5 6. d4 Nc6 7. Bb5 Bg4 8. Qa4 Qc7 9. Ne5 Bd7 10. Nxd7 Qxd7 11. dxc5 Bxc5 12. O-O O-O 13. Rd1 a6 14. Be2 Rfd8 15. Qh4 Qe6 16. Bd3 d4 17. exd4 Bxd4 18. Bf4 Nb4 19. Bf1 Qg4 20. Qxg4 Nxg4 21. Bg3 Be5 22. Bxe5 Nxe5 23. Be2 h6 24. f4 Ng6 25. g3 Ne7 26. Bf3 Nbc6 27. Na4 Rab8 28. Nc5 a5 29. Rxd8+ Rxd8 30. b3 b6 31. Ne4 f5 32. Nf2 Rd2 33. Kf1 Nb4 34. a3 Nc2 35. Rc1 Nxa3 36. Rc7 Kf8 37. Rb7 Rd6 38. Be2 Nc2 39. Nd3 Nd4 40. Ne5 g6 41. Bc4 b5 42. Rb8+ Kg7 43. Bxb5 Nxb5 44. Rxb5 Ra6 45. Rb7 Kf6 46. Nd7+ Kf7 47. Nc5 Rc6 48. Rb5 1-0

[Event "Winnipeg op"]
[Site "Winnipeg CAN"]
[Date "2025.01.04"]
[Round "2.3"]
[White "Bilugan, Mason"]
[Black "Stordeur, Jackson"]
[Result "0-1"]
[WhiteElo "1864"]
[BlackElo "2000"]
[WhiteFideId "-1"]
[WhiteFideId "-1"]
[PlyCount "64"]
[GameId "2142984842293489"]
[EventDate "2025.01.03"]
[EventType "swiss"]
[EventRounds "5"]
[EventCountry "CAN"]

1. c4 Nf6 2. g3 g6 3. Bg2 Bg7 4. Nc3 O-O 5. Rb1 c5 6. Nf3 Nc6 7. a3 d5 8. cxd5 Nxd5 9. O-O Nxc3 10. bxc3 e5 11. d3 Qe7 12. Be3 Rd8 13. Qb3 b6 14. Nd2 Bb7 15. Nc4 Qc7 16. a4 Rab8 17. Qa3 Ne7 18. Rb5 Bxg2 19. Kxg2 Nd5 20. Bd2 Qc6 21. Kg1 Qe6 22. f3 f5 23. Bg5 Re8 24. e4 Nc7 25. Rbb1 Qd7 26. Rfd1 Ne6 27. Be3 f4 28. Bf2 Ng5 29. d4 exd4 30. cxd4 Nh3+ 31. Kg2 Nxf2 32. Kxf2 Bxd4+ 0-1

[Event "Winnipeg op"]
[Site "Winnipeg CAN"]
[Date "2025.01.04"]
[Round "2.4"]
[White "Klusa, Mark"]
[Black "Hamm, Gabriel"]
[Result "1-0"]
[WhiteElo "1861"]
[BlackElo "1955"]
[WhiteFideId "-1"]
[WhiteFideId "-1"]
[PlyCount "57"]
[GameId "2142984842293490"]
[EventDate "2025.01.03"]
[EventType "swiss"]
[EventRounds "5"]
[EventCountry "CAN"]

1. e4 e5 2. Nc3 Nf6 3. Bc4 Nxe4 4. Qh5 Nd6 5. Bb3 Be7 6. Qxe5 O-O 7. Nge2 Nc6 8. Qh5 g6 9. Qd5 Nf5 10. d3 d6 11. O-O Be6 12. Qb5 Bxb3 13. Qxb3 Qd7 14. Nd5 Rab8 15. c3 Bd8 16. Ng3 Re8 17. Ne4 Kg7 18. Bd2 Ne5 19. d4 Nc4 20. Qxc4 Rxe4 21. Rae1 Rxe1 22. Rxe1 c6 23. Nb4 d5 24. Qe2 Bc7 25. Nd3 Rd8 26. Bg5 f6 27. Nc5 Qd6 28. Ne6+ Kg8 29. Bf4 1-0